[Event "34th Chess Olympiad (women)"]
[Site "Istanbul"]
[Date "2000.11.09"]
[Round "12.1.1"]
[White "Xie, Jun"]
[Black "Kachiani-Gersinska, Ketino"]
[WhiteElo "2568"]
[BlackElo "2448"]
[WhiteCountry "CHN"]
[BlackCountry "GER"]
[Result "1/2-1/2"]

1. e4 c6 2. d4 d5 3. Nc3 dxe4 4. Nxe4 Bf5 5. Ng3 Bg6 6. h4 h6 7. Nf3 Nd7 
8. h5 Bh7 9. Bd3 Bxd3 10. Qxd3 e6 11. Bd2 Ngf6 12. O-O-O Be7 13. Qe2 O-O 
14. Ne5 c5 15. Nxd7 Qxd7 16. dxc5 Qc7 17. Ne4 Nxe4 18. Qxe4 Qxc5 19. Be3 Qb5 
20. Bd4 Rfd8 21. Qe5 Qxe5 
1/2-1/2

[Event "34th Chess Olympiad (women)"]
[Site "Istanbul"]
[Date "2000.11.09"]
[Round "12.2.2"]
[White "Ioseliani, Nana"]
[Black "Grabics, Monika"]
[WhiteElo "2476"]
[BlackElo "2363"]
[WhiteCountry "GEO"]
[BlackCountry "HUN"]
[Result "1-0"]

1. d4 Nf6 2. Nf3 g6 3. c4 Bg7 4. g3 O-O 5. Bg2 d6 6. O-O c5 7. Nc3 Nc6 
8. d5 Na5 9. Nd2 a6 10. Qc2 Rb8 11. b3 b5 12. Bb2 e5 13. Rae1 Nh5 14. e3 f5 
15. f4 g5 16. Nd1 Qe7 17. fxe5 Bxe5 18. Bxe5 Qxe5 19. Nf3 Qg7 20. Qd2 Nb7 
21. Nf2 f4 22. gxf4 gxf4 23. e4 Kh8 24. e5 Rg8 25. Nd3 bxc4 26. bxc4 Na5 
27. Rc1 Bf5 28. Rf2 Bxd3 29. Qxd3 dxe5 30. Qf5 e4 31. Ne5 Rbf8 32. Qxh5 f3 
33. Re1 h6 34. Rxe4 Qh7 35. Rg4 Rxg4 36. Qxg4 h5 37. Ng6+ Kg7 38. Nxf8+ 
1-0

[Event "34th Chess Olympiad (women)"]
[Site "Istanbul"]
[Date "2000.11.09"]
[Round "12.2.3"]
[White "Gara, Anita"]
[Black "Khurtsidze, Nino"]
[WhiteElo "2291"]
[BlackElo "2481"]
[WhiteCountry "HUN"]
[BlackCountry "GEO"]
[Result "1/2-1/2"]

1. e4 c5 2. Nf3 e6 3. d4 cxd4 4. Nxd4 Nc6 5. Nb5 d6 6. Bf4 e5 7. Be3 a6 
8. N5c3 Nf6 9. Bg5 Be7 10. Bxf6 Bxf6 11. Nd2 Be6 12. Nc4 Nd4 13. Bd3 Rc8 
14. Ne3 Bg5 15. Ncd5 Bxe3 16. Nxe3 Qb6 17. c3 Nc6 18. Qe2 Ne7 19. O-O O-O 
20. Rfd1 Qc6 21. Rd2 Rfd8 22. Bc2 Qb6 23. Bd3 f6 24. Rad1 Qc6 25. Bb1 b5 
26. Qh5 Ng6 
1/2-1/2

[Event "34th Chess Olympiad (women)"]
[Site "Istanbul"]
[Date "2000.11.09"]
[Round "12.3.1"]
[White "Peng, Zhaoqin"]
[Black "Maric, Alisa"]
[WhiteElo "2403"]
[BlackElo "2435"]
[WhiteCountry "NED"]
[BlackCountry "YUG"]
[Result "1/2-1/2"]

1. d4 Nf6 2. c4 e6 3. Nf3 b6 4. g3 Ba6 5. b3 b5 6. cxb5 Bxb5 7. Bg2 Bc6 
8. O-O a5 9. Ba3 Bxa3 10. Nxa3 O-O 11. Qd2 Qc8 12. Nc4 Qa6 13. a4 Bd5 
14. Rfc1 Nc6 15. Nfe5 Bxg2 16. Kxg2 Nb4 17. Kg1 d6 18. Nf3 Rfd8 19. Na3 Qb7 
20. Rab1 h6 21. Nb5 Rac8 22. Qf4 Nbd5 23. Qd2 Nb4 24. Qf4 Nbd5 25. Qd2 Nb4 
1/2-1/2

[Event "34th Chess Olympiad (women)"]
[Site "Istanbul"]
[Date "2000.11.09"]
[Round "12.3.2"]
[White "Bojkovic, Natasa"]
[Black "Sziva, Erika"]
[WhiteElo "2429"]
[BlackElo "2311"]
[WhiteCountry "YUG"]
[BlackCountry "NED"]
[Result "1/2-1/2"]

1. e4 g6 2. d4 Bg7 3. Nc3 c6 4. Nf3 d5 5. h3 Nh6 6. Bd3 f6 7. O-O O-O 
8. Re1 Nf7 9. Bf1 b6 10. b3 Bb7 11. Ba3 Re8 12. exd5 cxd5 13. Bb5 Bc6 
14. Qe2 e6 15. Rad1 Bxb5 16. Nxb5 a6 17. Nc3 b5 18. Nb1 Nc6 19. c4 bxc4 
20. bxc4 Nd6 21. Bxd6 Qxd6 22. cxd5 Qxd5 23. Nc3 Qd7 24. Na4 Qd6 25. Qc4 Nb4 
26. Nc5 Nd5 27. Rd2 a5 28. Rde2 Rac8 29. Qb3 a4 30. Nxa4 Nf4 31. Re3 Nd5 
32. R3e2 Nf4 33. Re3 Nd5 34. Re4 f5 35. R4e2 Nf4 36. Rd2 Bh6 37. Qd1 Rc4 
38. Nc5 Bg7 39. Qb3 Qd5 40. Red1 Bxd4 41. Nd3 Nxd3 42. Rxd3 e5 43. Nxd4 exd4 
44. Rxd4 Rxd4 45. Rxd4 Qxb3 46. axb3 Re1+ 47. Kh2 Rb1 48. Rd3 Rb2 49. Kg3 Kf7 
50. f4 h6 51. h4 Kf6 52. Rc3 g5 53. hxg5+ hxg5 54. Rc6+ Kg7 55. fxg5 Rxb3+ 
56. Kh4 Rb1 57. Rc7+ Kg6 58. Rc6+ Kg7 59. Rf6 Rh1+ 60. Kg3 Rf1 61. Ra6 Rb1 
62. Kf4 Rf1+ 63. Ke5 Rf2 
1/2-1/2

[Event "34th Chess Olympiad (women)"]
[Site "Istanbul"]
[Date "2000.11.09"]
[Round "12.3.3"]
[White "Jap, Tjoen San Linda"]
[Black "Prudnikova, Svetlana"]
[WhiteElo "2210"]
[BlackElo "2425"]
[WhiteCountry "NED"]
[BlackCountry "YUG"]
[Result "0-1"]

1. e4 e6 2. d4 d5 3. e5 c5 4. c3 Nc6 5. Nf3 Bd7 6. Be2 Nge7 7. O-O cxd4 
8. cxd4 Nf5 9. Nc3 Be7 10. g4 Nh4 11. Nxh4 Bxh4 12. Be3 O-O 13. f4 f6 
14. exf6 Bxf6 15. Qd2 Be7 16. Rf2 Bd6 17. Raf1 Rc8 18. Bd3 Na5 19. Bb1 Nc4 
20. Qd3 Qh4 21. Rg2 Nxe3 22. Qxe3 Rf7 23. Qg3 Qxg3 24. hxg3 Bb4 25. Rc2 g5 
26. f5 Bd6 27. Re2 Rcf8 28. Kg2 exf5 29. gxf5 Bxf5 30. Bxf5 Rxf5 31. Rxf5 Rxf5 
32. Re8+ Rf8 33. Rxf8+ Kxf8 34. g4 Bf4 35. Nxd5 Bc1 36. Kf3 Bxb2 37. Ke4 Kf7 
38. Ne3 Ke6 39. Nf5 Ba3 40. Ng7+ Kd7 41. Ke5 b5 42. Nf5 a5 43. Kd5 a4 
44. Ng3 Be7 45. Ne4 b4 46. Kc4 Kc6 47. d5+ Kc7 48. Kd3 h6 49. Kc2 Kb6 
50. Kd3 Kb5 51. d6 Bf8 52. d7 Be7 53. Nd6+ Kc6 54. Nc4 Bd8 55. Ne5+ Kd6 56. Kd4 
0-1

[Event "34th Chess Olympiad (women)"]
[Site "Istanbul"]
[Date "2000.11.09"]
[Round "12.4.1"]
[White "Zhukova, Natalia"]
[Black "Foisor, Cristina Adela"]
[WhiteElo "2450"]
[BlackElo "2386"]
[WhiteCountry "UKR"]
[BlackCountry "ROM"]
[Result "1/2-1/2"]

1. d4 g6 2. c4 Bg7 3. Nc3 d6 4. e4 e5 5. Nge2 Nd7 6. f3 Nh6 7. Be3 f5 
8. Qd2 Nf7 9. exf5 gxf5 10. dxe5 dxe5 11. f4 O-O 12. O-O-O c6 13. Ng3 exf4 
14. Bxf4 Nde5 15. Nh5 Qxd2+ 16. Bxd2 Bh8 17. Be2 Be6 18. b3 Ng6 19. g3 Rad8 
20. Nf4 Bc8 21. Kc2 Rfe8 22. Bh5 Nge5 23. h3 b5 24. cxb5 cxb5 25. Ncd5 Bb7 
26. Bb4 Ng6 27. Rhe1 Rxe1 28. Bxe1 Nxf4 29. Nxf4 Be4+ 30. Kc1 Rc8+ 31. Kd2 Bc2 
32. Rc1 Bc3+ 33. Kxc2 Bxe1+ 34. Kd1 Rxc1+ 35. Kxc1 Bxg3 36. Nd5 Kg7 37. Be2 Nd6 
38. a3 a5 39. b4 axb4 
1/2-1/2

[Event "34th Chess Olympiad (women)"]
[Site "Istanbul"]
[Date "2000.11.09"]
[Round "12.4.2"]
[White "Cosma, Elena Luminita"]
[Black "Vasilevich, Tatjana"]
[WhiteElo "2360"]
[BlackElo "2429"]
[WhiteCountry "ROM"]
[BlackCountry "UKR"]
[Result "1/2-1/2"]

1. d4 Nf6 2. Nf3 c5 3. d5 b5 4. Bg5 Qb6 5. Bxf6 Qxf6 6. c3 Qf5 7. Na3 a6 
8. Nc2 Bb7 9. Ne3 Qf6 10. g3 g6 11. Bg2 Bg7 12. O-O O-O 13. Nd2 Qb6 14. a4 d6 
15. axb5 axb5 16. Rxa8 Bxa8 17. Qb3 Nd7 18. Ra1 Rb8 19. Nc2 Bb7 20. h3 h6 
21. e4 c4 22. Qb4 Ne5 23. Bf1 Bc8 24. Nxc4 Nxc4 25. Bxc4 bxc4 26. Qxb6 Rxb6 
27. Ra8 Rxb2 28. Rxc8+ Kh7 29. Ne3 Bxc3 30. Rxc4 
1/2-1/2

[Event "34th Chess Olympiad (women)"]
[Site "Istanbul"]
[Date "2000.11.09"]
[Round "12.4.3"]
[White "Sedina, Elena"]
[Black "Ionescu-Brandis, Irina"]
[WhiteElo "2405"]
[BlackElo "2304"]
[WhiteCountry "UKR"]
[BlackCountry "ROM"]
[Result "0-1"]

1. e4 e5 2. Nf3 Nf6 3. Nxe5 d6 4. Nf3 Nxe4 5. d4 d5 6. Bd3 Bd6 7. O-O O-O 
8. c4 c6 9. Qc2 Na6 10. a3 Bg4 11. Ne5 Bxe5 12. dxe5 Nac5 13. f3 Nxd3 
14. Qxd3 Nc5 15. Qd4 Nb3 16. Qxg4 Nxa1 17. Bh6 g6 18. Nc3 Nc2 19. e6 f5 
20. Qf4 d4 21. Rd1 Qf6 22. Bxf8 Rxf8 23. Ne2 Qxe6 24. Nxd4 Qe3+ 25. Qxe3 Nxe3 
26. Re1 Nxc4 27. b3 Nb6 28. Re7 Rf7 29. Re8+ Kg7 30. f4 Rd7 31. Nf3 Nd5 
32. g3 Nf6 33. Rb8 Ng4 34. h3 Nf6 35. Ne5 Re7 36. Kg2 Ne4 37. Nc4 Kf7 
38. Ra8 a6 39. Rb8 Ke6 40. Rd8 Rd7 41. Re8+ Kf6 42. Rf8+ Ke7 43. Rh8 Nf6 
44. Rb8 Rc7 45. Na5 b5 46. Rb6 Kd6 47. Rxa6 Ne4 48. b4 Nd2 49. Ra8 Nb1 
50. Nb3 Kd5 51. Nc5 Kc4 52. Kf2 Re7 53. a4 bxa4 54. Rxa4 Nc3 55. Ra6 Kb5 
56. Ra8 Nd1+ 57. Kg2 Re2+ 58. Kf1 Rh2 59. Rb8+ Kc4 60. Rc8 Ne3+ 61. Ke1 Nc2+ 
62. Kf1 Nxb4 63. Ne6 Kd5 64. Ng5 c5 65. Rd8+ Kc4 66. Kg1 Ra2 67. Nxh7 Kb3 
68. Nf6 c4 69. Rb8 Rd2 70. Kf1 c3 71. Ke1 Rd6 72. Ne8 c2 
0-1

[Event "34th Chess Olympiad (women)"]
[Site "Istanbul"]
[Date "2000.11.09"]
[Round "12.5.1"]
[White "Galliamova, Alisa"]
[Black "Danielian, Elina"]
[WhiteElo "2526"]
[BlackElo "2389"]
[WhiteCountry "RUS"]
[BlackCountry "ARM"]
[Result "1-0"]

1. d4 d5 2. c4 dxc4 3. Nf3 Nf6 4. e3 e6 5. Bxc4 c5 6. O-O a6 7. Bb3 b5 8. a4 b4 
9. Nbd2 cxd4 10. e4 Nc6 11. e5 Nd7 12. Nc4 Nc5 13. Bg5 Be7 14. Nd6+ Kf8 
15. Bxe7+ Kxe7 16. Nxd4 Nxe5 17. f4 Qxd6 18. fxe5 Qb6 19. a5 Qb7 20. Rc1 Nd7 
21. Nc6+ 
1-0

[Event "34th Chess Olympiad (women)"]
[Site "Istanbul"]
[Date "2000.11.09"]
[Round "12.5.2"]
[White "Mkrtchian, Lilit"]
[Black "Kovalevskaya, Ekaterina"]
[WhiteElo "2312"]
[BlackElo "2475"]
[WhiteCountry "ARM"]
[BlackCountry "RUS"]
[Result "0-1"]

1. e4 c5 2. Nf3 d6 3. d4 cxd4 4. Nxd4 Nf6 5. Nc3 Nc6 6. Be2 e5 7. Nf3 h6 
8. O-O Be7 9. Re1 O-O 10. h3 a6 11. Bf1 Qc7 12. Nh2 Bd8 13. Be3 Be6 14. a3 Qd7 
15. Qd3 b5 16. Rad1 Bc7 17. f3 h5 18. f4 exf4 19. Bxf4 Ne5 20. Qg3 Bb6+ 
21. Kh1 Qa7 22. Rd2 h4 23. Qxh4 Ng6 24. Qg5 Nxf4 25. Qxf4 Bd4 26. Bd3 Nh5 
27. Qf3 g6 28. Nf1 Be5 29. Nd1 Kg7 30. c3 Rh8 31. Nf2 Qe7 32. Bc2 Qg5 
33. Rdd1 Rh7 34. Nh2 Rah8 35. Nhg4 Bg3 36. Kg1 Qh4 37. Re3 Qg5 38. Ree1 Bf4 
39. Nd3 Bg3 40. Rf1 Kg8 41. Ndf2 Nf4 42. Rxd6 Bxf2+ 43. Kxf2 Rxh3 44. gxh3 Rxh3 
45. Rg1 Rxf3+ 46. Kxf3 Nh3 
0-1

[Event "34th Chess Olympiad (women)"]
[Site "Istanbul"]
[Date "2000.11.09"]
[Round "12.5.3"]
[White "Stepovaia, Tatiana"]
[Black "Aginian, Nelly"]
[WhiteElo "2414"]
[BlackElo "2205"]
[WhiteCountry "RUS"]
[BlackCountry "ARM"]
[Result "1-0"]

1. e4 e6 2. d3 d5 3. Qe2 dxe4 4. dxe4 b6 5. Nf3 Ba6 6. Qd2 Qc8 7. Bd3 Nd7 
8. O-O Bxd3 9. cxd3 Ngf6 10. Nc3 Qb7 11. Qe2 c5 12. Bg5 h6 13. Bh4 g5 
14. Bg3 Nh5 15. Rfd1 Nxg3 16. hxg3 Bg7 17. d4 cxd4 18. Nxd4 O-O 19. f4 Nc5 
20. e5 a5 21. Ndb5 f6 22. Nd6 Qe7 23. exf6 Qxf6 24. Nde4 Nxe4 25. Nxe4 Qxb2 
26. Qxb2 Bxb2 27. Rab1 Ba3 28. fxg5 Bc5+ 29. Nxc5 bxc5 30. gxh6 Rf6 
31. Rb5 Rxh6 32. Rxc5 Rg6 33. Rd3 Rg4 34. Re5 Kf7 35. Rf3+ Ke7 36. Rfe3 Ra6 
37. Kf2 a4 38. a3 Rg6 39. R5e4 Rg5 40. g4 Rg6 41. Kg3 Ra5 42. Rb4 Rgg5 
43. Ree4 Rgc5 44. Rb7+ Kf6 45. Re3 Rc4 46. Kh4 Rd5 47. Rb6 Rdd4 48. Rexe6+ Kf7 
49. Rf6+ Kg7 50. Rg6+ Kf7 51. Kh5 Rc5+ 52. g5 Rcc4 53. Rgf6+ Kg7 54. Rb7+ Kg8 
55. Kg6 Rc8 56. Rfb6 Rdd8 57. Ra7 Rc4 58. Rba6 
1-0

[Event "34th Chess Olympiad (women)"]
[Site "Istanbul"]
[Date "2000.11.09"]
[Round "12.6.1"]
[White "Radziewicz, Iweta"]
[Black "Voiska, Margarita"]
[WhiteElo "2379"]
[BlackElo "2330"]
[WhiteCountry "POL"]
[BlackCountry "BUL"]
[Result "1/2-1/2"]

1. d4 g6 2. c4 Bg7 3. Nf3 c5 4. e4 d6 5. dxc5 Qa5+ 6. Nc3 Bxc3+ 7. bxc3 Qxc5 
8. Be3 Qa5 9. Bd3 Nf6 10. O-O Bg4 11. Qb3 Qc7 12. Rfb1 Bxf3 13. gxf3 b6 
14. Qa4+ Qc6 15. Qd1 Nbd7 16. Bh6 g5 17. Rb5 Ne5 18. Bg7 Rg8 19. Bxf6 exf6 
20. Rd5 Ke7 21. Be2 Qd7 22. Kh1 Qh3 23. Rxd6 Rad8 24. Rd5 g4 25. Qf1 Qxf1+ 
26. Bxf1 gxf3 27. h3 Rc8 28. Rad1 Rg6 29. a4 Rcg8 30. c5 Rg1+ 31. Kh2 bxc5 
32. Rxc5 R8g2+ 33. Bxg2 Rxd1 34. Bh1 Rd2 35. Kg3 Rd1 36. Kh2 h5 37. Rc7+ Kf8 
38. Rxa7 Rd2 39. Kg1 h4 40. Rb7 Rd1+ 41. Kh2 Ra1 42. c4 Rxa4 43. Rb3 Rxc4 
1/2-1/2

[Event "34th Chess Olympiad (women)"]
[Site "Istanbul"]
[Date "2000.11.09"]
[Round "12.6.2"]
[White "Velcheva, Maria"]
[Black "Dworakowska, Joanna"]
[WhiteElo "2302"]
[BlackElo "2371"]
[WhiteCountry "BUL"]
[BlackCountry "POL"]
[Result "0-1"]

1. e4 c5 2. Nf3 d6 3. d4 cxd4 4. Nxd4 Nf6 5. Nc3 a6 6. h3 g6 7. g4 Bg7 
8. g5 Nfd7 9. Bg2 O-O 10. Be3 Nc6 11. Qd2 Rb8 12. b3 Qa5 13. Nde2 b5 
14. Rd1 Bb7 15. O-O Rfc8 16. a4 Nd8 17. Nd5 Qxd2 18. Rxd2 Bxd5 19. exd5 bxa4 
20. bxa4 Rc4 21. Nd4 Bxd4 22. Bxd4 Rxa4 23. Re1 e5 24. dxe6 Nxe6 25. Ba7 Rc8 
26. Rxd6 Ndf8 27. Be3 Rxc2 28. Rb1 Rc8 29. Bb7 Rb8 30. Ba7 Rd8 31. Rxa6 Rxa6 
32. Bxa6 Ra8 33. Rb7 Nd8 34. Rc7 Nfe6 35. Rd7 Nc6 36. Bb7 Rxa7 37. Bxc6 Rxd7 
38. Bxd7 Nxg5 39. Kg2 Kg7 40. Kg3 Ne4+ 41. Kf3 f5 42. Bc6 Nf6 43. Kg3 g5 
44. f3 h5 45. Bb7 h4+ 46. Kg2 Nh5 47. Bc8 Kf6 48. Bd7 Ke5 49. Bc8 Nf4+ 
50. Kh2 Nd5 51. Kg2 Ne7 52. Bb7 Kd4 53. Kf2 Kd3 54. Ba6+ Kd2 55. Bb7 Ng6 
56. Bc8 f4 57. Bb7 Ne5 58. Bd5 Nd3+ 59. Kf1 Ke3 60. Bb7 Ne5 61. Kg2 Ke2 
62. Bc8 Nd3 63. Ba6 Ke3 64. Kf1 Ne5 65. Kg2 Nxf3 
0-1

[Event "34th Chess Olympiad (women)"]
[Site "Istanbul"]
[Date "2000.11.09"]
[Round "12.6.3"]
[White "Zielinska, Marta"]
[Black "Aleksieva, Silvia"]
[WhiteElo "2376"]
[BlackElo "2351"]
[WhiteCountry "POL"]
[BlackCountry "BUL"]
[Result "1/2-1/2"]

1. d4 g6 2. Nf3 Bg7 3. c4 c5 4. e4 Qb6 5. dxc5 Qxc5 6. a3 d6 7. Bd3 Qc7 
8. h3 Nd7 9. Qc2 Ngf6 10. Nc3 O-O 11. Be3 b6 12. b4 Bb7 13. Rc1 Rfc8 14. O-O a6 
15. Qe2 Qd8 16. Rfd1 b5 17. cxb5 axb5 18. Nd4 Rxa3 19. Ndxb5 Rb3 20. Qa2 Rxb4 
21. Qa3 Rxe4 22. Nxe4 Nxe4 23. Rxc8 Qxc8 24. Bxe4 Bxe4 25. Rc1 Qb7 26. Qa5 Bxg2 
27. Qc7 Qxb5 28. Kxg2 Qd5+ 29. Kg1 Qf5 30. Qd8+ Nf8 31. Qxe7 Qxh3 32. Qxd6 Qg4+ 
33. Kf1 Qh3+ 34. Ke2 Qh5+ 35. Kf1 Qh3+ 36. Ke1 h5 37. Qd8 Qd7 38. Qb8 Qd3 
39. Bd2 Kh7 40. Rc7 Nd7 41. Qd8 Qe4+ 42. Kd1 Ne5 43. Rc8 Qb1+ 44. Ke2 Qb5+ 
45. Kd1 Qb3+ 46. Ke2 Qf3+ 47. Kf1 Qd1+ 48. Kg2 Qf3+ 49. Kf1 Qh3+ 
1/2-1/2

[Event "34th Chess Olympiad (women)"]
[Site "Istanbul"]
[Date "2000.11.09"]
[Round "12.7.2"]
[White "Hernandez, Yudania"]
[Black "Klink, Tamara"]
[WhiteElo "2322"]
[BlackElo "2336"]
[WhiteCountry "ESP"]
[BlackCountry "KAZ"]
[Result "1/2-1/2"]

1. e4 c5 2. Nf3 Nc6 3. d4 cxd4 4. Nxd4 Nf6 5. Nc3 e5 6. Ndb5 d6 7. Bg5 a6 
8. Na3 b5 9. Nd5 Be7 10. Bxf6 Bxf6 11. c3 O-O 12. Nc2 Bg5 13. a4 bxa4 
14. Rxa4 Rb8 15. Ncb4 Nxb4 16. Nxb4 Bb7 17. Bd3 a5 18. Nc2 Bc6 19. Rc4 Bb5 
20. Na3 Bxc4 21. Nxc4 Kh8 22. Be2 Qc7 23. Qd5 Rxb2 24. Nxb2 Qxc3+ 25. Kf1 Qxb2 
26. h4 Bd2 27. g4 Bb4 28. g5 a4 29. Rh3 a3 30. Bc4 Qd4 31. Rf3 Qxd5 32. Bxd5 f6 
33. h5 Ra8 34. Ba2 fxg5 35. Rf7 g6 36. h6 Bd2 37. Bd5 Rd8 38. Ke2 Bf4 
39. Ra7 g4 40. Rxa3 Bxh6 41. Rg3 Bf4 42. Rxg4 Kg7 43. Rg1 h5 44. Rb1 Kf6 
45. Kf3 g5 46. Kg2 Bd2 47. Rb2 Bc3 48. Rb3 Bd4 49. Rf3+ Kg6 50. Bf7+ Kh6 
51. Rf6+ Kg7 52. Rf5 Rh8 53. Be6 h4 54. Rxg5+ Kf6 55. Rg8 h3+ 56. Kh2 Rxg8 
57. Bxg8 Bxf2 
1/2-1/2

[Event "34th Chess Olympiad (women)"]
[Site "Istanbul"]
[Date "2000.11.09"]
[Round "12.7.3"]
[White "Sergeeva, Maria"]
[Black "Timon, Piote Silvia"]
[WhiteElo "2277"]
[BlackElo "2246"]
[WhiteCountry "KAZ"]
[BlackCountry "ESP"]
[Result "1-0"]

1. e4 c5 2. Nf3 Nc6 3. d4 cxd4 4. Nxd4 Nf6 5. Nc3 e5 6. Ndb5 d6 7. Bg5 a6 
8. Na3 b5 9. Nd5 Be7 10. Bxf6 Bxf6 11. c3 Bg5 12. Nc2 Rb8 13. Ncb4 Nxb4 
14. Nxb4 Bb7 15. Bd3 O-O 16. Bc2 f5 17. Nd5 f4 18. Qf3 a5 19. O-O Bc8 20. b4 a4 
21. c4 bxc4 22. Bxa4 Be6 23. Bc6 Qc8 24. b5 Bg4 25. Qa3 f3 26. Qxd6 fxg2 
27. Rfe1 Kh8 28. Ne7 Qd8 29. Qxd8 Rbxd8 30. Nf5 c3 31. Ne3 Bxe3 32. Rxe3 Rd2 
33. Rxc3 Rdxf2 34. Rac1 Rxa2 35. b6 Rb2 36. b7 Be6 37. Ra1 g6 38. Rg3 Bc4 
39. Rxg2 Rb6 40. Rf2 Rxf2 41. Kxf2 Rb2+ 42. Ke3 
1-0

[Event "34th Chess Olympiad (women)"]
[Site "Istanbul"]
[Date "2000.11.09"]
[Round "12.8.2"]
[White "Houska, Jovanka"]
[Black "Hahn, Anna"]
[WhiteElo "2279"]
[BlackElo "2257"]
[WhiteCountry "ENG"]
[BlackCountry "USA"]
[Result "0-1"]

1. e4 g6 2. d4 Bg7 3. Nf3 d6 4. Nc3 Nf6 5. Be2 O-O 6. O-O c6 7. a4 a5 
8. h3 Nbd7 9. Be3 Qc7 10. Qd2 e5 11. dxe5 dxe5 12. Rfd1 Re8 13. Bc4 Nb6 
14. Ba2 Be6 15. Bxe6 Rxe6 16. Qe2 Nbd7 17. Qc4 Ne8 18. Rd3 h6 19. Rad1 Ndf6 
20. Qb3 Ra6 21. Nd2 Rd6 22. Rxd6 Nxd6 23. Nc4 Ndxe4 24. Nxe4 Nxe4 25. f3 Ng3 
26. Bb6 Qe7 27. Rd8+ Kh7 28. Rb8 e4 29. Bf2 Ne2+ 30. Kf1 exf3 31. Qxf3 Qc7 
32. Re8 Nf4 33. Bc5 Nd5 34. Nd6 b6 35. Ba3 Ra7 36. Re2 Nf6 37. b3 Ra8 
38. Nb5 Qd7 39. Re7 Qd5 40. Nd6 Rf8 41. Qxd5 Nxd5 42. Rb7 Ne3+ 43. Ke2 Nxc2 
44. Bc1 Nd4+ 45. Kf1 Nxb3 46. Ba3 Nd2+ 47. Ke1 Nb1 48. Bc1 Nc3 49. Rxb6 c5 
50. Bd2 Nxa4 51. Rc6 Ra8 52. Nb7 c4 53. Bxa5 Nb2 54. Kd2 Rb8 55. Rc7 Kg8 
56. Kc2 Be5 57. Re7 Bf6 58. Rc7 Re8 59. Kd2 Bg5+ 60. Kc3 Re2 61. Rc8+ Kg7 
62. Kd4 Bf6+ 63. Kd5 Re5+ 64. Kd6 Re6+ 65. Kd5 g5 66. Bb4 Re5+ 67. Kc6 Nd3 
68. Bf8+ Kh7 69. Bd6 Re6 70. Kd7 c3 71. Nd8 Bxd8 72. Rxc3 Ne1 73. Kxd8 Rxd6+ 
74. Ke7 Rg6 
0-1

[Event "34th Chess Olympiad (women)"]
[Site "Istanbul"]
[Date "2000.11.09"]
[Round "12.8.3"]
[White "Shahade, Jennifer"]
[Black "Richards, Heather"]
[WhiteElo "2238"]
[BlackElo "2109"]
[WhiteCountry "USA"]
[BlackCountry "ENG"]
[Result "1-0"]

1. e4 e6 2. d4 d5 3. Nd2 c5 4. exd5 Qxd5 5. Ngf3 cxd4 6. Bc4 Qd6 7. Qe2 Nf6 
8. Nb3 Nc6 9. Bg5 Bd7 10. O-O-O O-O-O 11. Nbxd4 a6 12. Nxe6 Qe7 13. Nxd8 Qxd8 
14. Bxf7 Qc7 15. Rxd7 Nxd7 16. Qe8+ Nd8 17. Rd1 
1-0

[Event "34th Chess Olympiad (women)"]
[Site "Istanbul"]
[Date "2000.11.09"]
[Round "12.9.1"]
[White "Vo, Hong Phuong"]
[Black "Arribas, Maritza"]
[WhiteElo "2261"]
[BlackElo "2300"]
[WhiteCountry "VIE"]
[BlackCountry "CUB"]
[Result "1-0"]

1. e4 e6 2. d4 d5 3. Nd2 Nf6 4. e5 Nfd7 5. c3 c5 6. Bd3 Nc6 7. Ne2 Qb6 
8. Nf3 cxd4 9. cxd4 f6 10. exf6 Nxf6 11. O-O Bd6 12. Nc3 O-O 13. a3 Bd7 
14. Re1 Rae8 15. Bg5 a6 16. Bc2 Qc7 17. Qd3 g6 18. Re2 Nh5 19. g3 Rxf3 
20. Qxf3 Nxd4 21. Qd3 Nxe2+ 22. Qxe2 Bc6 23. Rd1 Bc5 24. Bh4 Qf7 25. Bb3 Rf8 
26. Rd2 Ng7 27. g4 Qf3 28. Qxf3 Rxf3 29. Bd1 Rf8 30. Bg3 Ne8 31. Be2 Nf6 
32. Rc2 Bb6 33. g5 Nd7 34. Bg4 Kf7 35. Ne2 Ke7 36. Nf4 e5 37. Nd3 e4 
38. Nb4 Nb8 39. Bxb8 Rxb8 40. Rxc6 
1-0

[Event "34th Chess Olympiad (women)"]
[Site "Istanbul"]
[Date "2000.11.09"]
[Round "12.10.1"]
[White "Eidelson, Rakhil"]
[Black "Vijayalakshmi, Subbaraman"]
[WhiteElo "2360"]
[BlackElo "2378"]
[WhiteCountry "BLR"]
[BlackCountry "IND"]
[Result "0-1"]

1. d4 Nf6 2. Nf3 e6 3. g3 b6 4. Bg2 Bb7 5. O-O Be7 6. c4 O-O 7. Nc3 Ne4 
8. Qc2 Nxc3 9. bxc3 f5 10. d5 Qc8 11. e4 Ba6 12. Re1 Bf6 13. Ba3 Re8 
14. dxe6 fxe4 15. Nd2 Bb7 16. Nxe4 dxe6 17. Rad1 Bd8 18. h4 Nd7 19. Qe2 Be7 
20. Bc1 Nf8 21. h5 c5 22. Bf4 Bc6 23. Be5 Nd7 24. Bf4 Nf6 25. Nd6 Bxd6 
26. Bxc6 Qxc6 27. Rxd6 Qb7 28. h6 gxh6 29. Be5 Qf7 30. Red1 Qg6 31. Qf3 Ng4 
32. Re1 Rf8 33. Bf4 Rae8 34. Kg2 h5 35. Qe4 Qxe4+ 36. Rxe4 e5 37. Be3 Rd8 
38. Rxd8 Rxd8 39. Bg5 Rd3 40. f3 h6 41. fxg4 hxg5 42. gxh5 Kg7 43. Rxe5 g4 
44. Re7+ Kh6 45. Rxa7 Rxc3 46. Rb7 Rc2+ 47. Kg1 Rb2 48. a4 Rb4 49. Kf2 Kxh5 
50. Ke3 Rxa4 51. Rxb6 Rxc4 52. Rb8 Rc3+ 53. Kf2 Rf3+ 54. Kg2 Rd3 55. Rh8+ Kg5 
56. Rg8+ Kf5 57. Rc8 Rd2+ 58. Kf1 Rd5 59. Ke2 Ke5 60. Ke3 Kd6 61. Rg8 Rd4 
62. Rd8+ Ke5 63. Rg8 Kd5 64. Rd8+ Kc4 65. Rb8 Kc3 66. Rb1 Rd3+ 67. Kf4 Rd4+ 
68. Ke3 Rd8 69. Rc1+ Kb4 70. Rb1+ Kc4 71. Rc1+ Kb5 72. Rb1+ Kc6 73. Kf4 Rd4+ 
74. Ke5 Rb4 75. Rc1 Kb5 76. Kf5 Rc4 77. Rb1+ Kc6 78. Rb8 Rd4 79. Ke5 Rb4 
80. Rg8 Kb5 81. Rg7 Rd4 82. Rb7+ Kc4 83. Rb1 Kd3 84. Kf5 c4 85. Ke5 Re4+ 
86. Kf5 c3 87. Rd1+ Ke2 88. Rd8 Rc4 89. Ke5 
0-1

[Event "34th Chess Olympiad (women)"]
[Site "Istanbul"]
[Date "2000.11.09"]
[Round "12.10.2"]
[White "Meenakshi, S"]
[Black "Lagvilava, Genrieta"]
[WhiteElo "2226"]
[BlackElo "2318"]
[WhiteCountry "IND"]
[BlackCountry "BLR"]
[Result "1/2-1/2"]

1. Nf3 f5 2. g3 Nf6 3. Bg2 g6 4. b4 Bg7 5. Bb2 a5 6. b5 O-O 7. d4 Ne4 
8. Nbd2 c5 9. bxc6 Nxc6 10. O-O a4 11. Rb1 d5 12. e3 b5 13. Ne5 Qc7 
14. Nxc6 Qxc6 15. Nxe4 fxe4 16. Ba3 Rf7 17. Bc5 Ba6 18. Rb4 e5 19. Bh3 Rd8 
20. Qd2 h6 21. c3 Kh7 22. Rfb1 Bf8 23. Bf1 Bxc5 24. dxc5 Qxc5 25. Bxb5 Bxb5 
26. Rxb5 Qc4 27. R5b4 Qd3 28. Rd1 Rdf8 29. Qxd3 exd3 30. Rxd3 Rxf2 31. Rb7+ Kg8 
32. Rxd5 Rxa2 33. Rdd7 Rff2 34. Rd8+ Rf8 35. Rdd7 Rff2 36. Rd8+ 
1/2-1/2

[Event "34th Chess Olympiad (women)"]
[Site "Istanbul"]
[Date "2000.11.09"]
[Round "12.10.3"]
[White "Popova, Natalija"]
[Black "Dhar-Barua, Saheli"]
[WhiteElo "2297"]
[BlackElo "2212"]
[WhiteCountry "BLR"]
[BlackCountry "IND"]
[Result "1-0"]

1. e4 e6 2. d3 d5 3. Nd2 Nf6 4. g3 c5 5. Bg2 Nc6 6. Ngf3 g6 7. O-O Bg7 
8. Re1 O-O 9. Qe2 b6 10. Nf1 a5 11. e5 Nd7 12. Bf4 a4 13. a3 Re8 14. h4 f5 
15. exf6 Nxf6 16. N1h2 Nh5 17. Be5 Nxe5 18. Nxe5 Qd6 19. Nhf3 Ra7 20. c3 Rf8 
21. Qe3 Re7 22. Bh3 Bb7 23. d4 c4 24. Ng5 Bc8 25. Bg2 b5 26. Re2 Bf6 
27. Rae1 Ng7 28. g4 Ne8 29. Qg3 Rg7 30. Nh3 Nc7 31. g5 Bxe5 32. Rxe5 Rf5 
33. f3 Rgf7 34. Nf2 Rxe5 35. Rxe5 Rf5 36. Ng4 Rxe5 37. Nxe5 Ne8 38. Bh3 Ng7 
39. Kf2 Nf5 40. Qf4 Kg7 41. Bg4 Bd7 42. h5 Be8 43. Bxf5 exf5 44. Nxg6 Qxf4 
45. Nxf4 Bf7 46. h6+ 
1-0

[Event "34th Chess Olympiad (women)"]
[Site "Istanbul"]
[Date "2000.11.09"]
[Round "12.11.1"]
[White "Mazakova, Petra"]
[Black "Berezina, Irina"]
[WhiteElo "2319"]
[BlackElo "2304"]
[WhiteCountry "CZE"]
[BlackCountry "AUS"]
[Result "1-0"]

1. e4 c5 2. c3 d6 3. d4 Nf6 4. Bd3 g6 5. Ne2 Bg7 6. f3 O-O 7. Be3 Nbd7 
8. O-O b6 9. a4 a6 10. Nd2 e5 11. Nc4 Qe7 12. dxe5 dxe5 13. Na3 Rd8 14. Qc2 Nf8 
15. Rfd1 Ne6 16. Bc4 Bb7 17. Qb3 Nd7 18. Rd2 Bf8 19. Rad1 Rab8 20. Bxe6 fxe6 
21. Bg5 Qxg5 22. Qxe6+ Kh8 23. Rxd7 Rxd7 24. Rxd7 Rd8 25. Qf7 
1-0

[Event "34th Chess Olympiad (women)"]
[Site "Istanbul"]
[Date "2000.11.09"]
[Round "12.11.2"]
[White "Phan-Koshnitsky, Ngan"]
[Black "Jackova, Jana"]
[WhiteElo "2157"]
[BlackElo "2358"]
[WhiteCountry "AUS"]
[BlackCountry "CZE"]
[Result "0-1"]

1. d4 d5 2. c4 dxc4 3. e3 e6 4. Bxc4 Nf6 5. Nf3 c5 6. O-O a6 7. Qe2 b5 
8. Bd3 Bb7 9. a4 b4 10. dxc5 Bxc5 11. e4 Nbd7 12. Bg5 h6 13. Bh4 e5 
14. Nbd2 O-O 15. Rac1 Re8 16. Nc4 Qc7 17. Bxf6 Nxf6 18. Nh4 g6 19. Bb1 Rad8 
20. Rfd1 Bc8 21. Ne3 Qa7 22. Nd5 Nxd5 23. exd5 Bd4 24. Rf1 Qe7 25. g3 Bh3 
26. Rfe1 Rxd5 27. Rc6 Rd6 28. Rec1 Qf6 29. Be4 Red8 30. Ng2 Qe7 31. Ne3 Bxe3 
32. fxe3 Rd2 33. Qe1 Bg4 
0-1